| 000 -CABECERA |
| fixed length control field |
01043nam a22002417a 4500 |
| 003 - IDENTIFICADOR DEL NÚMERO DE CONTROL |
| control field |
AR-CdUCM |
| 008 - DATOS DE LONGITUD FIJA--INFORMACIÓN GENERAL |
| fixed length control field |
190405b ||||| |||| 00| 0 spa d |
| 040 ## - FUENTE DE LA CATALOGACIÓN |
| Agencia/entidad que catalogó originalmente la obra |
MUNICIPALIDAD PROVINCIAL DEL CUSCO |
| Entidad que transcribió la catalogación |
BIBLIOTECA MUNICIPAL DEL CUSCO |
| 082 ## - NÚMERO DE LA CLASIFICACIÓN DECIMAL DEWEY |
| No. de Clasificación |
347.9 / |
| Notacion interna |
W28 /1845 |
| 100 ## - ENTRADA PRINCIPAL--NOMBRE DE PERSONA |
| Nombre Personal |
Walter, Fernando |
| 245 ## - MENCIÓN DE TÍTULO |
| Título |
Manual de derecho eclesiástico de todas las confesiones cristianas / |
| 260 ## - PUBLICACIÓN, DISTRIBUCIÓN, ETC. |
| Lugar de publicación, distribución, etc. |
Madrid : |
| Nombre de la editorial, distribuidor, etc. |
Imprenta de la sociedad literaria y tipográfica, |
| Fecha de publicación, distribución, etc. |
1845. |
| 300 ## - DESCRIPCIÓN FÍSICA |
| Nº de Páginas Extensión |
429 paginas ; |
| Dimensiones |
31 cm. |
| 505 ## - NOTA DE CONTENIDO CON FORMATO |
| Nota de contenido formateada |
Contenido :Del derecho eclesiástico en si mismo -- Bases de la iglesia católica -- Los apóstoles y las iglesias que fundaron -- Pedro y su vocación -- Historia de la iglesia de oriente --- Estado de la iglesia griega... |
| 650 ## - PUNTO DE ACCESO ADICIONAL DE MATERIA--TÉRMINO DE MATERIA |
| Descriptor |
Iglesia católica |
| 9 (RLIN) |
3151 |
| 650 ## - PUNTO DE ACCESO ADICIONAL DE MATERIA--TÉRMINO DE MATERIA |
| Descriptor |
Fuentes del derecho eclesiástico |
| 9 (RLIN) |
29381 |
| 650 ## - PUNTO DE ACCESO ADICIONAL DE MATERIA--TÉRMINO DE MATERIA |
| Descriptor |
Idea de Cristo y apóstoles |
| 9 (RLIN) |
29382 |
| 700 ## - PUNTO DE ACCESO ADICIONAL--NOMBRE DE PERSONA |
| Nombre Personal |
Roquemout, A. de (Traductor) |
| 9 (RLIN) |
29383 |
| 942 ## - ELEMENTOS DE PUNTO DE ACCESO ADICIONAL (KOHA) |
| Fuente de clasificación |
|
| Tipo de item |
Libros-BMC |
| 945 ## - PROCESAMIENTO DE INFORMACIÓN LOCAL (OCLC) |
| Catalogador |
wnts |
| AAAA-MM-DD - Fecha de ingreso o modificacion |
2019-04-05 |